| 000 | 00807cam a2200193 4500 | ||
|---|---|---|---|
| 001 | ABS66195 | ||
| 008 | 030107n2002 000 0 eng u | ||
| 035 | _a(Sirsi) u120946 | ||
| 100 | _aSheridan, P | ||
| 245 | _aConstruction Act review - case law index | ||
| 260 | _c2002 | ||
| 490 |
_aConstruction Law Journal _v18(6) 2002, 457-479(23) |
||
| 520 | _aPresents a second annual case law index covering over 100 cases reported between 1999-2002 concerning the Housing Grants Construction and Regeneration Act 1996, known as the Construction Act. Provides an alphabetical index with case references followed by a subject index. | ||
| 590 | _aABS | ||
| 650 | _aHOUSING GRANTS, CONSTRUCTION AND REGENERATION ACT 1996 | ||
| 690 | _aBUILDING AND CONSTRUCTION-CASE LAW | ||
| 700 | _aHelps, D | ||
| 942 | _n0 | ||
| 999 |
_c71896 _d71896 |
||